Dramaturg a jeho podiel na formovaní umeleckej tváre divadla Milan Jurčo

Bibliographic Details
Main Author: Jurčo, Milan, 1931-2012 (Author)
Format: Article
Language:Slovak
ISBN:8085169800
Subjects:

MARC

LEADER 00000naa a2200000 ar4500
001 vtls009170368
003 SK-MaSNL
005 20260302145543.0
008 160322|2005 xo g|h 100 1bslo
015 |a SNBRA2006/08  |2 svkbbbg 
038 |a SNKBUCL 
038 |a SVKBBBG 
040 |a SVKBBBG  |b slo  |c SVKBBBG  |e AACR2 
041 1 |a slo  |b eng 
044 |a xo  |c SK 
072 7 |a 792  |x Divadlo. Divadelné predstavenia  |2 Konspekt 
080 |a 929 Mokoš, Jozef  |2 2001 
080 |a 792.075(437.642)"19"  |2 2001 
080 |a 792.9(437.642)"19"  |2 2001 
100 1 |a Jurčo, Milan,  |d 1931-2012  |4 aut  |9 155221 
245 1 0 |a Dramaturg a jeho podiel na formovaní umeleckej tváre divadla  |b Milan Jurčo 
546 |a Res. angl. 
600 1 7 |a Mokoš, Jozef,  |d 1941-  |2 svkbbbg  |9 188956 
610 0 7 |a Krajské bábkové divadlo (Banská Bystrica, Slovensko)  |2 svkbbbg  |9 56381 
650 0 7 |a slovenskí dramaturgovia  |2 svkbbbg  |9 837789 
650 0 7 |a divadelná dramaturgia  |2 svkbbbg  |9 73590 
651 7 |a Banská Bystrica (Slovensko)  |2 svkbbbg  |9 22015 
773 0 |t Minulosť a prítomnosť Banskej Bystrice II.  |d Banská Bystrica : Katedra histórie FHV UMB ; Štátna vedecká knižnica, 2005  |g S. 270-275  |z 8085169800 
852 |a SVKBB  |b KIS3GCP 
958 |a BX 
958 |a PM 
999 |c 1354549  |d 1356479